01078cam a2200217 450000500170000000800410001702000150005805000230007310000270009624503400012324600340046325000370049726000650053430000270059950400320062665000430065865000470070170000380074870000350078670000390082120250709094257.0030917s2002 Ag 000 0 spa u a950508534604aKHA1009 bG44 20021 aGhersi, Carlos Alberto10aDaño moral y psicológico b : Daño a la psiquis : Categorización socioeconómica y cultural, prueba y procedencia, Cálculos, Jurisprudencia Valor del ocio vacacional, Relaciones de familia, Ejercicio abusivo en el proceso judicialc / Carlos Alberto Ghersi ; colaboradoras Celia Weingarten, Mónica Hise, Gabriela Rossello.13aCuantificación económica  a2a. ed. bactualizada y ampliada aBuenos Aires : bAstrea de Alfredo y Ricardo Depalma, c2002 axxiii, 299 p. c20 cm. aBibliografía : p. 291-299 72lembaDaños y perjuicios zArgentina 4aAgraviosxAspectos económicoszArgentina1 aWeingarten, Celia, ecolaboradora1 aHise, Mónica, ecolaboradora1 aRossello, Gabriela, ecolaboradora